000 00584nam a22001575i 4500
001 153460
003 ES-MaACL
005 20230906205231.0
008 040809s1833 sp |||| | spa d
040 _aCAM
_bspa
_cCAM
100 1 _aDiaz, Clemente.
_9126789
245 1 3 _aLa satírico-manía
_b: satira escrita en tercetos dirigida al Pobrecito Hablador /
_cpor Clemente Diaz.
260 _aMadrid :
_b[s.n.],
_c1833 (
_fImprenta de M. de Burgos)
300 _a13 p. ;
_c15 cm.
852 _aES-MaACL
_jR-1941
_z-- Enc. pasta española
_z-- Enc. en un vol. facticio. Olim: D-4796
999 _c153460
_d153460